Il positivismo giuridico: lezioni di filosofía del diritto

Guardat en:
Dades bibliogràfiques
Autor principal: Bobbio, Norberto (autor)
Format: Llibre
Idioma:italià
Publicat: Turín G. Giappichelli 1996
Col·lecció:Recta Ratio, Terza Serie 2
Matèries:
Etiquetes: Afegir etiqueta
Sense etiquetes, Sigues el primer a etiquetar aquest registre!

MARC

LEADER 00000nam a2200000 a 4500
001 UCO0424
003 CL-VaPUC
008 000420e19960000IT |||||||||||||||||ita|d
082 0 4 |a 340.1  |b BOB  |2 21 
100 |a Bobbio, Norberto  |e autor  |9 257371 
245 1 3 |a Il positivismo giuridico: lezioni di filosofía del diritto 
300 |a 258 p 
942 |c BK 
945 |d 20000420 00:00:00  |a vberengu 
260 |a Turín  |b G. Giappichelli  |c 1996 
650 0 |a Fuentes del derecho   |9 255162 
650 0 |a Ordenamiento jurídico   |9 355371 
650 0 |a Positivismo jurídico  |9 255992 
651 0 |a Alemania  |9 255688 
651 0 |a Francia  |9 255157 
651 0 |a Inglaterra  |9 255158 
583 |a last modification  |c 20000420 00:00:00  |k Rodrigo Vera 
490 0 |a Recta Ratio, Terza Serie 2 
999 |c 287132  |d 287130 
952 |0 0  |1 0  |4 0  |6 340_100000000000000_BOB_1996  |7 0  |8 DER_TF  |9 333564  |a BIBDER  |b BIBDER  |d 2019-11-20  |i 3591859  |l 1  |o 340.1 BOB 1996  |p 3591859  |r 2023-01-25  |s 2020-03-17  |w 2019-11-20  |x Ubicación 4to Piso  |y BK  |z Estos recursos deben solicitarse con anticipación  |k DER